Planning for major events: the stakes for the host city are high (Record no. 71928)
[ view plain ]
| 000 -LEADER | |
|---|---|
| fixed length control field | 01439cam a2200253 4500 |
| 001 - CONTROL NUMBER | |
| control field | ABS66378 |
| 008 - FIXED-LENGTH DATA ELEMENTS--GENERAL INFORMATION | |
| fixed length control field | 030117n2003 000 0 eng u |
| 035 ## - SYSTEM CONTROL NUMBER | |
| System control number | (Sirsi) u121045 |
| 100 ## - MAIN ENTRY--PERSONAL NAME | |
| Personal name | Gossop, C. |
| 245 ## - TITLE STATEMENT | |
| Title | Planning for major events: the stakes for the host city are high |
| 260 ## - PUBLICATION, DISTRIBUTION, ETC. | |
| Date of publication, distribution, etc. | 2003 |
| 490 ## - SERIES STATEMENT | |
| Series statement | Planning (for the Natural and Built Environment) |
| Volume/sequential designation | (1504) 3 January 2003, 18(1) |
| 520 ## - SUMMARY, ETC. | |
| Summary, etc. | Considers how planners should deal with major events such as the Olympic games, and highlights the pros and cons for the host city. Advises that successful events should be planned well in advance with sustainability as a key responsibility. Any structures created for a major event should fulfil longer-term needs, such as the main stadium in the Manchester Commonwealth Games that was later reused as a football ground. Discusses the planned Olympic Games in Athens and highlights the benefits to business, tourism, construction and telecommunications. However, questions how the infrastructure will cope and whether the environmental and social impacts will overshadow the predicted economic gains. |
| 590 ## - LOCAL NOTE (RLIN) | |
| Local note | ABS |
| 650 ## - SUBJECT ADDED ENTRY--TOPICAL TERM | |
| Topical term or geographic name entry element | Sustainability |
| 9 (RLIN) | 6271 |
| 650 ## - SUBJECT ADDED ENTRY--TOPICAL TERM | |
| Topical term or geographic name entry element | PLANNING PROCESS |
| 650 ## - SUBJECT ADDED ENTRY--TOPICAL TERM | |
| Topical term or geographic name entry element | ATHENS |
| 650 ## - SUBJECT ADDED ENTRY--TOPICAL TERM | |
| Topical term or geographic name entry element | Infrastructure |
| 9 (RLIN) | 6246 |
| 650 ## - SUBJECT ADDED ENTRY--TOPICAL TERM | |
| Topical term or geographic name entry element | ENVIRONMENTAL IMPACT |
| 650 ## - SUBJECT ADDED ENTRY--TOPICAL TERM | |
| Topical term or geographic name entry element | OLYMPIC GAMES |
| 650 ## - SUBJECT ADDED ENTRY--TOPICAL TERM | |
| Topical term or geographic name entry element | EVENTS |
| 690 ## - LOCAL SUBJECT ADDED ENTRY--TOPICAL TERM (OCLC, RLIN) | |
| Topical term or geographic name as entry element | ENVIRONMENTAL AND LAND CONSULTANCY-PLANNING AND DEVELOPMENT |
| 942 ## - ADDED ENTRY ELEMENTS (KOHA) | |
| Suppress in OPAC | 0 |
| Withdrawn status | Lost status | Source of classification or shelving scheme | Damaged status | Not for loan | Home library | Current library | Shelving location | Date acquired | Total Checkouts | Full call number | Barcode | Date last seen | Copy number | Price effective from | Koha item type |
|---|---|---|---|---|---|---|---|---|---|---|---|---|---|---|---|
| Dewey Decimal Classification | London | London | Journal article | 17/01/2003 | ABS66378 | 121045-1001 | 06/08/2019 | 1 | 06/08/2019 | Journal article |